[Event "A SUA MORTE"]
[Site "http://www.queenalice.com/game.php?id=149778"]
[Date "2007.1.4"]
[Round "-"]
[White "XtremeLM"]
[Black "josuefsantos"]
[Result "1-0"]
[WhiteElo "1557"]
[BlackElo "1165"]

1. d4 Nc6 2. Nf3 e6 3. c4 Qf6 4. e4 Nh6 5. d5 exd5 6. cxd5 Be7 7. dxc6 Qxc6 8.
Bxh6 gxh6 9. Nc3 Bf6 10. e5 Bg7 11. Bb5 Qg6 12. O-O Rg8 13. Nd5 Kd8 14. e6 fxe6
15. Nf4 Qg4 16. g3 Bxb2 17. Rb1 Qg7 18. Nxe6+ Ke8 19. Nxg7+ Rxg7 20. Rxb2 c6 21.
Re1+ Kd8 22. Bc4 b5 23. Bb3 Rb8 24. Be6 Kc7 25. Qd4 Re7 26. Qe5+ Kb7 27. Rxb5+
cxb5 28. Qxb5+ Kc7 29. Qc5+ Kd8 30. Bf5 Bb7 31. Qxe7+ Kc7 32. Qxd7+ Kb6 33. Rb1+
1-0

[Event "Não tá morto quem peleia!!!"]
[Site "http://www.queenalice.com/game.php?id=152169"]
[Date "2007.1.10"]
[Round "-"]
[White "josuefsantos"]
[Black "XtremeLM"]
[Result "0-1"]
[WhiteElo "1164"]
[BlackElo "1576"]

1. e3 e5 2. Nc3 d5 3. Nf3 e4 4. Ne5 Bd6 5. f4 exf3 6. Qxf3 Bxe5 7. Bb5+ c6 8.
Ba4 b5 9. Bb3 Na6 10. Bxd5 cxd5 11. Qxd5 Qxd5 12. Nxd5 Be6 13. Nc3 Bxc3 14. bxc3
Nf6 15. Rb1 Bxa2 16. Rxb5 O-O 17. Ba3 Rfd8 18. Rf1 Ne4 19. c4 Bxc4 20. Rf4 Bxb5
21. Rxe4 Rac8 22. Bb2 Rxc2 23. Kf2 Rcxd2+ 0-1

[Event "e agora?!?!?"]
[Site "http://www.queenalice.com/game.php?id=154639"]
[Date "2007.1.16"]
[Round "-"]
[White "XtremeLM"]
[Black "josuefsantos"]
[Result "1-0"]
[WhiteElo "1603"]
[BlackElo "1164"]

1. e4 Nc6 2. d4 Nh6 3. h3 e6 4. Nf3 g6 5. Bb5 Nb4 6. a3 c6 7. Bc4 Qa5 8. O-O b5
9. Bb3 Bg7 10. Bd2 Bf8 11. d5 Bd6 12. dxc6 dxc6 13. Bxh6 Qc7 14. axb4 1-0

[Event "Challenge"]
[Site "http://www.queenalice.com/game.php?id=154646"]
[Date "2007.1.16"]
[Round "-"]
[White "josuefsantos"]
[Black "Franz"]
[Result "0-1"]
[WhiteElo "1136"]
[BlackElo "1100"]

1. e4 e5 2. Nf3 a6 3. Nxe5 Bc5 4. Qf3 f6 5. Nd3 Ba7 6. Qh5+ g6 7. Qxg6+ hxg6 8.
Nc3 Qe7 9. Nd5 Qxe4+ 10. Ne3 d6 11. f3 Qe7 12. Be2 Nc6 13. O-O Qh7 14. h3 b5 15.
b3 Bxh3 16. Kf2 Nd4 17. Bd1 O-O-O 18. c3 Nf5 19. Ke1 Qh4+ 20. Rf2 Re8 21. Ba3
Nxe3 22. dxe3 Bxg2 23. Ke2 Rxe3+ 24. Kd2 Bh1 25. Bc1 Rh5 26. Kc2 Rd5 27. a4
Rdxd3 28. Kb1 Qxf2 29. Ra2 Qe1 0-1

[Event "Só hoje!!!"]
[Site "http://www.queenalice.com/game.php?id=163177"]
[Date "2007.2.3"]
[Round "-"]
[White "XtremeLM"]
[Black "josuefsantos"]
[Result "1-0"]
[WhiteElo "1604"]
[BlackElo "1136"]

1. e4 e6 2. d4 Nc6 3. Nf3 Nf6 4. Nc3 Ng4 5. d5 Bc5 6. dxc6 Nxf2 7. cxd7+ Bxd7 8.
Qe2 Nxh1 9. Qc4 Qe7 10. Nb5 Bf2+ 11. Ke2 O-O 12. g3 Bc6 13. Bg2 Bxg3 14. Bxh1
Be5 15. Nxe5 Qh4 16. Kf1 Rad8 17. Nf3 Rd1+ 18. Ke2 Qxe4+ 19. Qxe4 Bxe4 20. Kxd1
Rd8+ 21. Ke1 Bxc2 22. Be3 1-0

[Event "mais um.."]
[Site "http://www.queenalice.com/game.php?id=163201"]
[Date "2007.2.3"]
[Round "-"]
[White "XtremeLM"]
[Black "josuefsantos"]
[Result "1-0"]
[WhiteElo "1604"]
[BlackElo "1121"]

1. Nf3 Nc6 2. d4 Nf6 3. Nc3 e5 4. dxe5 Ng4 5. h3 Ngxe5 6. Nxe5 Nxe5 7. e4 Qf6 8.
f4 Ng6 9. Nd5 Qh4+ 10. Ke2 Bc5 11. Be3 d6 12. Nxc7+ Kf8 13. Nxa8 Bd7 14. Kf3 h5
15. f5 Ne5+ 16. Ke2 Bb5+ 17. Kd2 Qg3 18. Bxc5 dxc5 19. Kc1 Qf4+ 20. Qd2 Qxe4 21.
Bxb5 a6 22. Qd8# 1-0

[Event "Challenge"]
[Site "http://www.queenalice.com/game.php?id=163367"]
[Date "2007.2.3"]
[Round "-"]
[White "Franz"]
[Black "josuefsantos"]
[Result "1-0"]
[WhiteElo "1318"]
[BlackElo "1132"]

1. e4 e5 2. a3 Nf6 3. Bc4 Qe7 4. d3 Nc6 5. Nc3 Na5 6. Ba2 h5 7. h4 Ng4 8. Nd5
Qc5 9. Qf3 Qxc2 10. Nxc7+ Kd8 11. Nxa8 Bc5 12. Nh3 g5 13. Bxg5+ Ke8 14. Qxf7#
1-0

[Event "Finalera"]
[Site "http://www.queenalice.com/game.php?id=163391"]
[Date "2007.2.4"]
[Round "-"]
[White "josuefsantos"]
[Black "XtremeLM"]
[Result "0-1"]
[WhiteElo "1143"]
[BlackElo "1657"]

1. Nc3 d5 2. d4 Bf5 3. e3 e6 4. Nf3 Nc6 5. b3 Bb4 6. Bd2 a6 7. Bd3 Bxd3 8. cxd3
Nf6 9. O-O O-O 10. a3 Bxc3 11. Bxc3 Qd7 12. Ng5 Ne7 13. Bb4 h6 14. Nf3 Rfd8 15.
Ne5 Qb5 16. Bxe7 Re8 17. a4 Qa5 18. Bxf6 gxf6 19. Qg4+ Kh7 20. Nxf7 Rg8 21. Qxe6
Qc3 22. Qxf6 Rg6 23. Qh8+ Rxh8 24. Rac1 Qxd3 25. Rxc7 Rxg2+ 26. Kxg2 Qe4+ 27. f3
Qg6+ 28. Ng5+ Kg8 29. f4 hxg5 30. Rc8+ Kh7 31. f5 Qf6 32. Rc7+ Kh6 33. Rf3 g4
34. Rg3 Qxf5 0-1

[Event "nao damo arrego"]
[Site "http://www.queenalice.com/game.php?id=183925"]
[Date "2007.3.18"]
[Round "-"]
[White "josuefsantos"]
[Black "Franz"]
[Result "1-0"]
[WhiteElo "1143"]
[BlackElo "1326"]

1. Nf3 e6 2. Nc3 f5 3. e3 a6 4. Nd4 Bc5 5. Qh5+ g6 6. Qf3 d5 7. Na4 Ba7 8. b3 b5
9. Nc3 c5 10. Nxe6 Bxe6 11. Ba3 b4 12. Nxd5 Bxd5 13. e4 Qe7 14. Be2 Bxe4 15. Qg3
bxa3 16. O-O Nf6 17. Bf3 1-0

[Event "o nóis aqui traveis!!!"]
[Site "http://www.queenalice.com/game.php?id=187303"]
[Date "2007.3.25"]
[Round "-"]
[White "josuefsantos"]
[Black "XtremeLM"]
[Result "0-1"]
[WhiteElo "1143"]
[BlackElo "1659"]

1. Nf3 Nc6 2. Nc3 d5 3. d4 Nf6 4. Qd3 g6 5. b3 Bf5 6. Qd2 Nb4 7. Ba3 Nxc2+ 8.
Kd1 Nxa1 9. Qb2 Nc2 10. Ne5 Nxa3 11. Qxa3 e6 12. Qa4+ c6 13. e3 Ng4 14. Nxc6
bxc6 15. Ba6 Nxf2+ 16. Ke1 Nxh1 17. Bb7 Rb8 18. Bxc6+ Ke7 19. Qxa7+ Kd6 20. Qa6
Rb6 0-1

[Event "Josué x Ríboli"]
[Site "http://www.queenalice.com/game.php?id=193017"]
[Date "2007.4.6"]
[Round "-"]
[White "josuefsantos"]
[Black "eriboli"]
[Result "0-1"]
[WhiteElo "1167"]
[BlackElo "1182"]

1. b4 Nc6 2. c3 Nf6 3. e3 d5 4. Nf3 Ng4 5. Qe2 e5 6. Ng5 Qxg5 7. h4 Qf6 8. f3
Qg6 9. h5 Qg5 10. b5 Ne7 11. Na3 Nf5 12. fxg4 Ng3 13. Qf2 Nxh1 14. b6 axb6 15.
Nb5 Ra4 16. Nxc7+ Kd8 17. Nxd5 Bc5 18. Qxf7 Bd6 19. Nxb6 Re4 20. Qd5 Qh4+ 21.
Kd1 Nf2+ 22. Kc2 Rc4 23. Nxc4 Bxg4 24. Nxd6 Bd1+ 25. Kb1 Qh1 26. Bb5 e4 27.
Nxb7+ Kc7 28. Ba3 Be2+ 29. Kb2 Nd1+ 30. Kb3 Rd8 31. Qc6+ Kb8 32. Ba6 Bxa6 33.
Nxd8 Qf1 34. Qxa6 Qxa6 35. Kc2 Nf2 36. Rb1+ Kc7 37. Rb7+ Kc8 38. Rxg7 Qxa3 39.
d4 Qf8 40. Rb7 Qxd8 0-1

[Event "JosuéXReginatto"]
[Site "http://www.queenalice.com/game.php?id=193503"]
[Date "2007.4.7"]
[Round "-"]
[White "reginatto"]
[Black "josuefsantos"]
[Result "0-1"]
[WhiteElo "1386"]
[BlackElo "1148"]

1. e4 Nf6 2. d3 c6 3. Nc3 Ng4 4. Qxg4 d6 5. Qg5 d5 6. exd5 e6 7. Qg4 exd5 8.
Qe2+ Qe7 9. Be3 Na6 10. Nh3 d4 11. Bxd4 Qxe2+ 12. Bxe2 Bd6 13. Ne4 O-O 14. Nxd6
Be6 15. Nxb7 Nb4 16. Bd1 Rae8 17. Bc5 Bg4+ 18. Be3 f5 19. Nd6 Re5 20. a3 Nd5 21.
Nc4 Rfe8 22. c3 h5 23. d4 Nxe3 24. dxe5 Nxg2+ 25. Kd2 Bxh3 26. Nd6 Rxe5 27. Bb3+
Kh7 28. c4 Bg4 29. Kc3 Nf4 30. Kc2 Bf3 31. Kc3 Ne2+ 32. Kb4 a5+ 33. Ka4 Nd4 34.
Ba2 Be2 35. Nb7 Bd3 36. Nd6 Bc2+ 37. b3 Ne6 38. f4 Nxf4 39. Rac1 Be4 40. Rhf1
Nd3 41. Nb7 Nb2# 0-1

[Event "ta ae"]
[Site "http://www.queenalice.com/game.php?id=193591"]
[Date "2007.4.7"]
[Round "-"]
[White "josuefsantos"]
[Black "XtremeLM"]
[Result "0-1"]
[WhiteElo "1150"]
[BlackElo "1665"]

1. b3 e5 2. Nc3 d5 3. Nf3 e4 4. Ne5 Bd6 5. d4 exd3 6. Qxd3 Nf6 7. Nf3 Nc6 8. Nd4
Nb4 9. Qb5+ c6 10. Qa4 b5 11. Ncxb5 cxb5 12. Nxb5 Bd7 13. Rb1 O-O 14. Ba3 Nxc2+
15. Kd1 Nxa3 16. Qa6 Bxb5 0-1